000 00431nam a2200133 i 4500
001 183735
003 ES-MaACL
005 20230906221948.0
008 141007s1875 fr |||| | fre d
245 0 2 _aL'Eglise en présence des controverses actuelles et des besoins de notre siècle.. traduit de l'Anglais.
260 _aParis :
_b[s.n.],
_c1875 (
_fImp. de S. Raçon)
650 0 4 _aIglesia.
_913549
852 _aES-MaACL
_jT-179-F-5
999 _c183735
_d183735